[Event "FRA-chT2 East 0708"]
[Site "France"]
[Date "2007.12.16"]
[Round "4.7"]
[White "Cordier, Arnaud"]
[Black "Bogner, Norbert"]
[Result "1/2-1/2"]
[WhiteElo "2144"]
[BlackElo "2114"]
[PlyCount "85"]
[EventDate "2007.10.21"]
[EventType "team"]
[EventRounds "11"]
[EventCountry "FRA"]
[SourceTitle "EXT 2009"]
[Source "ChessBase"]
[SourceDate "2008.11.26"]
[SourceVersion "1"]
[SourceVersionDate "2008.11.26"]
[SourceQuality "1"]
[WhiteTeam "Epinal"]
[BlackTeam "Mundolsheim"]
[WhiteTeamCountry "FRA"]
[BlackTeamCountry "FRA"]

1. e4 c5 2. Nf3 d6 3. d4 cxd4 4. Nxd4 Nf6 5. Nc3 a6 6. Be2 e6 7. 0-0 Qc7 8. a4 b6 9. f4 Bb7 10. Bf3 Nbd7 11. Kh1 Be7 12. Qe2 Rc8 13. Be3 0-0 14. g4 Nc5 15. Qg2 Rfe8 16. g5 Nfd7 17. Nce2 e5 18. Nf5 Bf8 19. Nc3 Ne6 20. Qg4 exf4 21. Bxf4 Nxf4 22. Qxf4 Ne5 23. Bg2 Qc4 24. Rae1 Qb4 25. Nd5 Bxd5 26. exd5 Qxf4 27. Rxf4 Rxc2 28. Rb4 Nd3 29. Rxe8 Rc1+ 30. Bf1 Rxf1+ 31. Kg2 Rxf5 32. Rxb6 Rxg5+ 33. Kf1 Nf4 34. Rxa6 Rxd5 35. Raa8 Ne6 36. b4 g5 37. b5 Rd1+ 38. Ke2 Rb1 39. Rab8 d5 40. b6 Kg7 41. Rb7 h5 42. a5 d4 43. Rxf8 1/2-1/2

[Event "FRA-chT1B 0607"]
[Site "France"]
[Date "2007.01.21"]
[Round "6.6"]
[White "Boudre, Jean Pierre"]
[Black "Cordier, Arnaud"]
[Result "1/2-1/2"]
[WhiteElo "2324"]
[BlackElo "2151"]
[PlyCount "42"]
[EventDate "2006.10.15"]
[EventType "team"]
[EventRounds "11"]
[EventCountry "FRA"]
[SourceTitle "EXT 2008"]
[Source "ChessBase"]
[SourceDate "2007.11.25"]
[SourceVersion "1"]
[SourceVersionDate "2007.11.25"]
[SourceQuality "1"]
[WhiteTeam "Marseille Duchamps"]
[BlackTeam "Epinal"]
[WhiteTeamCountry "FRA"]
[BlackTeamCountry "FRA"]

1. e4 c5 2. Nf3 d6 3. d4 cxd4 4. Nxd4 Nf6 5. Nc3 g6 6. Be3 Bg7 7. f3 0-0 8. Qd2 Nc6 9. Bc4 Bd7 10. h4 Ne5 11. Bb3 Qa5 12. h5 Nxh5 13. Bh6 Bxh6 14. Qxh6 Rac8 15. 0-0-0 Rxc3 16. bxc3 Rc8 17. Rxh5 gxh5 18. Qg5+ Kf8 19. Qh6+ Kg8 20. Qg5+ Kf8 21. Qh6+ Kg8 1/2-1/2